| 000 | 00358nam a2200157Ia 4500 | ||
|---|---|---|---|
| 100 | _aTheraja/B.L./ Theraja/A.K. | ||
| 490 | _vI | ||
| 942 | _cBK | ||
| 654 | _aEngineering | ||
| 245 | _aA Text Book Of Electrical Technology | ||
| 260 |
_bNirja construction _aNew Delhi _c1993 |
||
| 082 |
_a621.3 _bTHE |
||
| 300 | _a592 | ||
| 546 | _aENGLISH | ||
| 999 |
_c24729 _d24729 |
||